Přej si sen
| Main Author: | Nopová, Lída, 1947- |
|---|---|
| Other Authors: | Krečmar, Eduard, 1942-2023, Nop, Miloš, 1949-2006, Svoboda, Milan D., 1946- |
| Language: | Czech |
| Published: |
Praha : Supraphon, 1989 |
| Edition: | 1. vyd. |
| Series: |
ARR '89
|
| Physical Description: |
1 partitura (14 s.) |
| LEADER | 00957ncm a22002772a 4500 | ||
|---|---|---|---|
| 001 | 001196907 | ||
| 003 | CZ BrMZK | ||
| 005 | 20120404135450.0 | ||
| 007 | qu | ||
| 008 | 120227s1989 xr |||||||||||||||||cze d | ||
| 040 | |a BOA001 |b cze | ||
| 072 | 7 | |a 784 |x Vokální hudba |2 Konspekt |9 9 | |
| 100 | 1 | |a Nopová, Lída, |d 1947- |7 xx0012530 |4 cmp | |
| 245 | 1 | 0 | |a Přej si sen |h [hudebnina] / |c Lída Nopová ; (text) Eduard Krečmar ; ar. Miloš Nop ; upravil Milan D. Svoboda |
| 250 | |a 1. vyd. | ||
| 260 | |a Praha : |b Supraphon, |c 1989 | ||
| 300 | |a 1 partitura (14 s.) | ||
| 490 | 1 | |a ARR '89 ; |v 52 | |
| 700 | 1 | |a Krečmar, Eduard, |d 1942-2023 |7 jn20000710336 |4 lyr | |
| 700 | 1 | |a Nop, Miloš, |d 1949-2006 |7 xx0051047 |4 arr | |
| 700 | 1 | |a Svoboda, Milan D., |d 1946- |7 jx20110404033 |4 adp | |
| 830 | 0 | |a ARR '89 | |
| 910 | |a BOA001 |b Mus4-0956.737 | ||
| 990 | |a MU | ||
| 991 | |b 201202 | ||
| 996 | 6 | |b 2619053431 |c Mus4-0956.737 |l MZK |r Sklad / do 1 hodiny |n 0 |w 001230516 |u 000010 |a 1 |e BOA001 |j MZK50 |s P | |
English
Čeština 